MARC

LEADER 00000nam0a2200000 4500
001 194699
005 20231031182419.0
035 |a (RuTPU)RU\TPU\book\212366 
090 |a 194699 
100 |a 20110421d1898 km y0rusy50 ca 
101 0 |a rus 
102 |a RU 
105 |a a g 001zy 
200 1 |a Handbuch der Materialienkunde für den Maschinenbau  |h Erster Theil: Materialprüfungswesen, Probirmaschinen und Messinstrumente  |d Справочник по материаловедению в машиностроении. Ч.1: Способы дефектоскопии, машины для проведения испытаний и измерительные приборы  |f A. Martens 
210 |a Berlin  |c Verlag von Julius springer  |d 1898 
215 |a 513 с.  |c il. 
320 |a Literaturverzeichniss: p. XXI-XXV. 
320 |a Namenverzeichnis: p. XXXI-XXXII. 
510 1 |a Справочник по материаловедению в машиностроении  |z ger  |i Ч.1: Способы дефектоскопии, машины для проведения испытаний и измерительные приборы 
610 1 |a машиностроение 
610 1 |a машиностроительные материалы 
610 1 |a машиностроительное металловедение 
610 1 |a материаловедение 
610 1 |a дефектоскопия 
610 1 |a контрольно-измерительные приборы 
610 1 |a испытания 
610 1 |a справочники 
610 1 |a немецкий язык 
675 |a 620.002.3(035)  |v 3 
700 1 |a Martens  |b A. 
801 1 |a RU  |b 63413507  |c 20110421 
801 2 |a RU  |b 63413507  |c 20110517  |g RCR 
942 |c BK